| 000 | 00546nam a22001817a 4500 | ||
|---|---|---|---|
| 003 | OSt | ||
| 005 | 20131115121801.0 | ||
| 008 | 130514s2005 sp ||||| |||| 00| 0 spa d | ||
| 020 | _a8483076594 | ||
| 040 | _cCDMR | ||
| 100 | 1 |
_93423 _aCubells Pavía, Mariola |
|
| 245 | 1 | 0 |
_aMentiras en directo _b: la historia secreta de los telediarios _cMariola Cubells |
| 260 |
_aBarcelona _bPenínsula _c2005 |
||
| 300 | _a237 p. | ||
| 650 | 0 | 4 |
_93157 _aTelevisió _xNoticiaris |
| 650 | 0 | 4 |
_93243 _aMitjans de comunicació de massa _xManipulació |
| 942 |
_2udc _cMON |
||
| 999 |
_c6239 _d6239 |
||